| 000 | 00000nam 2200000zi 4500 |
| 001 | 9.894819 |
| 003 | CaOODSP |
| 005 | 20221107173841 |
| 006 | m o d f |
| 007 | cr cn||||||||| |
| 008 | 201218t20212021onca o f000 0 eng d |
| 020 | |a9780660369686 |
| 040 | |aCaOODSP|beng|erda|cCaOODSP |
| 043 | |an-cn--- |
| 086 | 1 |aYM41-5/2021E-PDF |
| 245 | 00|aOur country, our Parliament : |ban introduction to how Canada's Parliament works. |
| 264 | 1|aOttawa, Ontario : |bLibrary of Parliament = Bibliothè€que du Parlement, |c[2021] |
| 264 | 4|c©2021 |
| 300 | |a1 online resource (51 pages) : |bcolour illustrations |
| 336 | |atext|btxt|2rdacontent |
| 337 | |acomputer|bc|2rdamedia |
| 338 | |aonline resource|bcr|2rdacarrier |
| 500 | |aIssued also in French under title: Notre pays, notre Parlement : une introduction au fonctionnement du Parlement du Canada. |
| 520 | |a"This book introduces you to Canada's Parliament. By the time you finish this book, you will understand: how parliamentary democracy works in Canada; how people get appointed or elected to Parliament; what Senators and MPs do; how decisions made in Parliament affect you and your community"--Page 7. |
| 610 | 10|aCanada. |bParliament. |
| 650 | 0|aLegislative power|zCanada. |
| 650 | 0|aRepresentative government and representation|zCanada. |
| 651 | 0|aCanada|xPolitics and government. |
| 710 | 1 |aCanada. |bLibrary of Parliament, |eissuing body. |
| 775 | 08|tNotre pays, notre Parlement : |w(CaOODSP)9.894822 |
| 776 | 0#|tOur country, our parliament : |w(CaOODSP)9.894821 |
| 856 | 40|qPDF|s24.76 MB|uhttps://publications.gc.ca/collections/collection_2021/bdp-lop/YM41-5-2021-eng.pdf |